Discurso pronunciado por el dr. Luis Augusto Ginebra con los auspicios del Consejo Nacional de Hombres de empresa, durante la cena de la unidad empresarial efectuada en el salón ambar del hotel plaza dominicana, el día 3 de julio de 1980, en Santo Domingo / (Registro nro. 28927)
[ vista simple ]
| 000 -CABECERA | |
|---|---|
| campo de control de longitud fija | 00745nam a2200157 a 4500 |
| 001 - NÚMERO DE CONTROL | |
| campo de control | 000029435 |
| 005 - FECHA Y HORA DE LA ÚLTIMA TRANSACCIÓN | |
| campo de control | 20200930055541.0 |
| 008 - DATOS DE LONGITUD FIJA--INFORMACIÓN GENERAL | |
| campo de control de longitud fija | 110415s1980 dr 000 0 spa d |
| 040 ## - FUENTE DE LA CATALOGACIÓN | |
| Centro catalogador/agencia de origen | DO-SdBNP |
| Lengua de catalogación | spa |
| Centro/agencia transcriptor | BNPHU |
| 082 ## - NÚMERO DE LA CLASIFICACIÓN DECIMAL DEWEY | |
| Número de clasificación | xxx |
| Número de documento/Ítem | G492d |
| 049 ## - FONDOS LOCALES (OCLC) | |
| Fondos de biblioteca | BNPD |
| 100 1# - ENTRADA PRINCIPAL--NOMBRE DE PERSONA | |
| Nombre de persona | Ginebra Hernández, Luis Augusto |
| 9 (RLIN) | 56311 |
| 245 10 - MENCIÓN DE TÍTULO | |
| Título | Discurso pronunciado por el dr. Luis Augusto Ginebra con los auspicios del Consejo Nacional de Hombres de empresa, durante la cena de la unidad empresarial efectuada en el salón ambar del hotel plaza dominicana, el día 3 de julio de 1980, en Santo Domingo / |
| Mención de responsabilidad, etc. | Luis Augusto Ginebra Hernández. |
| 260 ## - PUBLICACIÓN, DISTRIBUCIÓN, ETC. | |
| Lugar de publicación, distribución, etc. | Santo Domingo : |
| Nombre del editor, distribuidor, etc. | Consejo Nacional de Hombres de Empresa de la República Dominicana, |
| Fecha de publicación, distribución, etc. | [1980]. |
| 300 ## - DESCRIPCIÓN FÍSICA | |
| Extensión | [18 p.]. |
| Estado de retiro | Estado de pérdida | No para préstamo | Código de colección | Localización permanente | Ubicación/localización actual | Ubicación en estantería | Fecha de adquisición | Número de inventario | Total de préstamos | Signatura topográfica completa | Código de barras | Fecha visto por última vez | Precio válido a partir de | Tipo de ítem Koha |
|---|---|---|---|---|---|---|---|---|---|---|---|---|---|---|
| Excluido de préstamo | Patrimonio Dominicano | Patrimonio Dominicano | Patrimonio Dominicano | En catalogación | 15.04.2011 | LF1 | xxx G492d | 29435-10 | 25.06.2020 | 25.06.2020 | Libro y Folleto Colección Patrimonio Dominicano |
